Five Poorest Countries by Hemisphere - Statistics

General Stats
  • This quiz has been taken 294 times
  • The average score is 12 of 20
Answers on the Map
Answers color-coded by a green-red scale on the quiz's map according to % correct below.
 
Answer Stats
Income Country % Correct
$7,200 Bolivia
81%
$9,400 Paraguay
81%
$12,900 Peru
77%
$800 D.R. Congo
75%
$11,100 Ecuador
74%
$1,700 South Sudan
66%
$1,300 Guinea
65%
$700 Central African Republic
63%
$900 Liberia
61%
$800 Burundi
60%
$1,700 Gambia
60%
$1,100 Malawi
60%
$1,100 Niger
60%
$1,700 Sierra Leone
58%
$1,700 Guinea-Bissau
55%
$1,800 Kiribati
55%
$1,500 Madagascar
50%
$1,400 Eritrea
49%
$1,200 Mozambique
45%
$1,600 Togo
38%
No matching quizzes found
Score Distribution
Percent of People with Each Score
Percentile by Number Answered
Your Score History
You have not taken this quiz